00647nam a2200205 i 45000010005000000030009000050050017000140070003000310080041000340800013000750800026000881000042001142450045001562600037002013000021002385000012002598520033002719990015003049520122003196580ES-MaACL20250920063026.0t|900116s1986 fr ||||1| fre d a84-4"19' a84(Blanchot,M.7 B.01)0 aBlanchot, Maurice, d1907-200392916313aLa Bete de Lascaux / cMaurice Blanchot. a[S.l.] : bfata morgana, c1986. a42 p. ; c22 cm. aIndice. aES-MaACLjL-13791 bR.114494 c6580d6580 00104070aATENEOMbATENEOMcDEPO2d2008-01-17eSCl0oL-13791p1006703r2023-02-23 00:00:00w2023-02-23yMONOGRAFIA